LEADER 01113nam a2200277 u 4500 001 000000038503 003 CaOOAMICUS 005 20070226113902.0 008 980424s1994 it u000 u ita u 020 $a8814045771 035 $a10792106 040 $aPUL(R)$bita 100 1 $aNanula, Gaetano.$0(OLS)http://pul/name/28738 245 13$aLa lotta alla mafia :$bstrumenti giuridici strutture di coordinamento legislazione vigente /$cGaetano Nanula. 250 $a2. ed. 260 $aMilano :$bGiuffrè,$c1994. 300 $a521 p. ;$c21 cm 500 $aInclude indici. 650 4$aMafia.$0(OLS)http://pul/subject/12684 850 $aPUL 852 $aPUL$W1$xSL Diritto e Scienze Sociali 1$y4$m175 F 61$j52443$nBK-PRI$b $qStampati$B52443$CPULBib$Z2$F52443 $H $81 941 1 $a8 961 $aINV: 72539 996 $6020$a8814045771$9(OLS)http://pul/number/47989 996 $6245$aLa lotta alla mafia :$bstrumenti giuridici strutture di coordinamento legislazione vigente$9(OLS)http://pul/title/52289 996 $6260$aMilano :$bGiuffrè$9(OLS)http://pul/publisher/48401 LEADER 01098nam a2200253 u 4500 001 000000066729 003 CaOOAMICUS 005 20070226121616.0 008 020123s1824 be u000 u lat u 035 $a10917655 040 $aPUL(R)$bita 100 1 $aVeith, Lorenz,$cS.I.,$d1725-1796.$0(OLS)http://pul/name/19696 245 10$aDe primatu et infallibilitate Romani Pontificis /$cauctore Laurentio Veith. 250 $aEditio nova, emendatior et correctior. 260 $aMechliniae :$bHanicq,$c1824. 300 $axvi, vi, 336 p. ;$c18 cm 500 $a"Accessit selectorum Monumentorum collectio ad Rom. Pontificis Auctoritatem spectantium". 504 $aNote bibliografiche. 650 4$aPapi$xInfallibilità.$0(OLS)http://pul/subject/1401 850 $aPUL 852 $aPUL$W1$xDP1 Antico 800$y27$m63 B 8$j86298$nBK-PRI$b $qStampati Antico$B86298$CPULBib$Z2$F86298 $H $81 941 1 $a15 996 $6245$aDe primatu et infallibilitate Romani Pontificis$9(OLS)http://pul/title/88571 996 $6260$aMechliniae :$bHanicq$9(OLS)http://pul/publisher/71432